15 plus gros transferts de l'OL (arrivés) - Statistiques

Statistiques générales
  • Ce quiz a été pris 121 fois
  • Le résultat moyen est 6 sur 15
Statistiques - réponses
Hint Réponse % Correct
16M Depay
68%
23,44M Paqueta
68%
25 M Reine-adelaide
65%
24 M Andersen
61%
24M Lopez
56%
22M Gourcuff
54%
20M Guimaraes
50%
19M Anderson
46%
18M Bastos
39%
22M Thiago Mendes
36%
15 Faivre
30%
16,8M Keita
29%
15,6 Fred
19%
14,9 Ederson
16%
16,2M Cissokho
14%
Aucun quiz correspondant
Distribution des résultats
% des personnes avec chaque résultat
Percentile par nombre de réponses
Votre historique - résultats
Vous n’avez pas pris ce quiz